00391nam a2200145 a 4500008004100000020002200041245006400063260003400127300002600161650001400187700001700201003000100218005001700219040000900236  a0869797298 (pbk.)10aGuidelines in auditing /cedited by H. De Jager... [et al.] aMenlo Park :bUnipret,c1988. aviii, 907 p. ;c23cm. 1aAuditing. aJager, De H.20230123125047.0 cNUST